|
|
|
|
| LEADER |
00854nta a2200217 i 4500 |
| 001 |
dokt636 |
| 005 |
20190829112814.0 |
| 008 |
110110s2011 hu om 0|| eng d |
| 024 |
7 |
|
|a 10.14232/phd.636
|2 doi
|
| 024 |
7 |
|
|a 1922992
|2 mtmt
|
| 040 |
|
|
|a SZTE Doktori Repozitórium
|b hun
|
| 041 |
|
|
|a eng
|
| 100 |
1 |
|
|a Szabad Gábor
|
| 245 |
1 |
0 |
|a Advanced wound care
|h [elektronikus dokumentum] :
|b from genetics to skin cell therapy /
|c Szabad Gábor
|
| 246 |
1 |
0 |
|a Modern sebkezelés: genetikától a sejtterápiáig
|h [elektronikus dokumentum]
|
| 260 |
|
|
|c 2011-01-12
|
| 502 |
|
|
|a Disszertacio
|
| 650 |
|
4 |
|a klinikai orvostudományok
|
| 700 |
1 |
|
|a Oláh Judit
|e ths
|
| 856 |
4 |
0 |
|u https://doktori.bibl.u-szeged.hu/id/eprint/636/1/szabadgaborphd.pdf
|z Dokumentum-elérés
|
| 856 |
4 |
0 |
|u https://doktori.bibl.u-szeged.hu/id/eprint/636/2/szabadgaborthesis.pdf
|z Dokumentum-elérés
|